[Event "Int. Championship of Central Serbia - OP"]
[Site "Paracin"]
[Date "2011.07.15"]
[Round "9.1"]
[White "Drobne, Marjan"]
[Black "Hrenic, Misa"]
[Result "1/2-1/2"]
[WhiteElo "2060"]
[BlackElo "2044"]
[PlyCount "46"]
[EventDate "2011.07.08"]

1. e4 e5 2. Nf3 Nc6 3. Nc3 Nf6 4. Bb5 Nd4 5. Nxd4 exd4 6. e5 dxc3 7. exf6 Qxf6
8. bxc3 c6 9. Qe2+ Qe7 10. Qxe7+ Bxe7 11. Be2 O-O 12. O-O d5 13. d4 Bf5 14. Bd3
Bxd3 15. cxd3 Bf6 16. Rb1 b6 17. Ba3 Rfe8 18. Rfe1 g6 19. Bd6 Bg7 20. Kf1 Bf8
21. Be5 Bg7 22. Bd6 Bf8 23. Be5 Bg7 1/2-1/2

[Event "Int. Championship of Central Serbia - OP"]
[Site "Paracin"]
[Date "2011.07.15"]
[Round "9.2"]
[White "Tomic, Slobodan"]
[Black "Mirkovic, Dejan"]
[Result "1-0"]
[WhiteElo "2082"]
[BlackElo "1903"]
[PlyCount "83"]
[EventDate "2011.07.08"]

1. Nf3 d5 2. d4 Nf6 3. c4 c6 4. cxd5 cxd5 5. Bf4 Nbd7 6. Nc3 a6 7. e3 Qb6 8.
Qc2 Qa5 9. Bd3 e6 10. O-O Be7 11. Na4 O-O 12. Bc7 b6 13. a3 Ra7 14. b4 Rxc7 15.
bxa5 Rxc2 16. Bxc2 b5 17. Nb6 Nxb6 18. axb6 Bd8 19. a4 bxa4 20. Rfb1 Bb7 21.
Rxa4 Ne4 22. Bxe4 dxe4 23. Ne5 Be7 24. Rc4 Bd6 25. Nc6 g6 26. Na5 Rb8 27. Nxb7
Rxb7 28. Rc8+ Kg7 29. Ra8 Bb8 30. Rxa6 Kf6 31. f4 h6 32. g3 Ke7 33. Rc1 Kd7 34.
Kf2 h5 35. Ke2 Kd6 36. Kd2 Kd7 37. Rc4 Kd6 38. Kc3 Kd5 39. Rc5+ Kd6 40. Kc4 Kd7
41. Kb5 f6 42. Ra8 1-0

[Event "Int. Championship of Central Serbia - OP"]
[Site "Paracin"]
[Date "2011.07.15"]
[Round "9.3"]
[White "Nikolic, Vladimir"]
[Black "Djuretanovic, Ivan"]
[Result "1-0"]
[WhiteElo "1999"]
[BlackElo "2077"]
[Annotator "Milojevic,Boban"]
[PlyCount "91"]
[EventDate "2011.07.08"]

1. Nf3 c5 2. c4 Nc6 3. d4 cxd4 4. Nxd4 g6 5. g3 Bg7 6. Nxc6 bxc6 7. Bg2 Rb8 8.
Qc2 Qb6 9. Nc3 Ba6 10. b3 Qa5 11. Bd2 Qd8 12. Rd1 Nf6 13. O-O O-O 14. Bf4 Rc8
15. Na4 d6 16. Nc5 Qb6 17. Nxa6 Qxa6 18. Bg5 Qb6 19. Be3 Qc7 20. Bd4 Rfd8 21.
h3 Qa5 22. Qd2 Qa3 23. Bc3 Qa6 24. Ba5 Re8 25. e4 Nd7 26. Bc3 Bxc3 27. Qxc3 Qb6
28. Kh2 Red8 29. f4 a5 30. h4 Qc5 31. Bh3 Rc7 32. e5 d5 33. e6 Nf6 34. exf7+
Kxf7 35. Qe5 Rd6 36. f5 Qa7 37. g4 gxf5 38. Rxf5 Re6 39. Qf4 Ke8 40. g5 Re2+
41. Kh1 Re4 42. Qf1 Rxh4 43. gxf6 e6 44. f7+ Kf8 45. Rf3 Qc5 46. Kg2 {...
necitko} 1-0

[Event "Int. Championship of Central Serbia - OP"]
[Site "Paracin"]
[Date "2011.07.15"]
[Round "9.5"]
[White "Arandjelovic, Aleksandar Z"]
[Black "Blagojevic, Tijana"]
[Result "1-0"]
[WhiteElo "2065"]
[BlackElo "1836"]
[PlyCount "57"]
[EventDate "2011.07.08"]

1. d4 d5 2. c4 c6 3. Nc3 Nf6 4. Bg5 e6 5. Nf3 Nbd7 6. e3 Qa5 7. Nd2 dxc4 8.
Bxf6 Nxf6 9. Nxc4 Qc7 10. Bd3 Be7 11. Rc1 O-O 12. O-O Bd7 13. Ne5 Rfd8 14. g4
Be8 15. f4 g6 16. Qf3 Rac8 17. g5 Nd7 18. Ng4 c5 19. d5 Nb6 20. e4 c4 21. Bc2
exd5 22. e5 Qc5+ 23. Rf2 Na8 24. h4 d4 25. Ne4 Bc6 26. f5 d3 27. fxg6 Bxe4 28.
Qxf7+ Kh8 29. Qxh7# 1-0

[Event "Int. Championship of Central Serbia - OP"]
[Site "Paracin"]
[Date "2011.07.15"]
[Round "9.6"]
[White "Arsic, Djordje"]
[Black "Ostojic, Nikola M"]
[Result "0-1"]
[WhiteElo "1854"]
[BlackElo "2093"]
[PlyCount "70"]
[EventDate "2011.07.08"]

1. e4 c5 2. Nf3 d6 3. d4 cxd4 4. Nxd4 Nf6 5. Nc3 a6 6. Be3 e6 7. f3 b5 8. a3
Bb7 9. Qd2 Nbd7 10. O-O-O d5 11. exd5 Nxd5 12. Nxd5 Bxd5 13. Bd3 Bc5 14. Ne2
Qb6 15. Bxc5 Nxc5 16. Nc3 Rd8 17. Nxd5 Rxd5 18. Qc3 O-O 19. Be4 Nxe4 20. fxe4
Rc5 21. Qf3 b4 22. Qb3 a5 23. Rd2 Rfc8 24. Rhd1 Qc7 25. axb4 axb4 26. Kb1 h6
27. Qxb4 Rxc2 28. Rd8+ Rxd8 29. Rxd8+ Kh7 30. Rd2 Rc1+ 31. Ka2 Rc4 32. Rd7 Qc6
33. Qd2 Rxe4 34. Rxf7 Ra4+ 35. Kb3 Qc4# 0-1

[Event "Int. Championship of Central Serbia - OP"]
[Site "Paracin"]
[Date "2011.07.15"]
[Round "9.7"]
[White "Krstic, Aca"]
[Black "Radovic, Luka"]
[Result "0-1"]
[WhiteElo "2074"]
[BlackElo "1910"]
[PlyCount "63"]
[EventDate "2011.07.08"]

1. e4 Nf6 2. Nc3 d5 3. e5 d4 4. Nce2 Ng4 5. f4 c5 6. Nf3 Nc6 7. Ng3 a6 8. Be2
Nh6 9. O-O b5 10. a4 b4 11. Bd3 e6 12. Be4 Bb7 13. d3 Qd7 14. Nd2 O-O-O 15. Nc4
Kb8 16. a5 f5 17. exf6 gxf6 18. Bd2 Nf7 19. c3 dxc3 20. bxc3 f5 21. Nb6 Qd6 22.
Nc4 Qd7 23. Nb6 Qd6 24. Nxf5 exf5 25. Bxf5 Bg7 26. Qb3 bxc3 27. Bxc3 Bxc3 28.
Qxc3 Nd4 29. Bg4 Rhg8 30. Nc4 Rxg4 31. Nxd6 Ne2+ 32. Kh1 0-1

[Event "Int. Championship of Central Serbia - OP"]
[Site "Paracin"]
[Date "2011.07.15"]
[Round "9.8"]
[White "Radovic, Janko"]
[Black "Milosavljevic, Milica"]
[Result "1-0"]
[WhiteElo "1985"]
[BlackElo "1881"]
[PlyCount "49"]
[EventDate "2011.07.08"]

1. e4 c5 2. c3 d5 3. exd5 Qxd5 4. d4 e6 5. Nf3 Nc6 6. Na3 Qd8 7. Nc2 Nf6 8. Bd3
cxd4 9. Ncxd4 Nxd4 10. Nxd4 Be7 11. Qe2 O-O 12. O-O a6 13. a4 Qd5 14. Re1 Bc5
15. Be3 Ba7 16. Rad1 Qa5 17. Bc2 Bd7 18. Bf4 Bxd4 19. Rxd4 Bc6 20. Be5 Nd7 21.
Rxd7 Bxd7 22. Qd3 g6 23. Qxd7 Rad8 24. Qe7 f6 25. Bxf6 1-0

[Event "Int. Championship of Central Serbia - OP"]
[Site "Paracin"]
[Date "2011.07.15"]
[Round "9.10"]
[White "Jaklin, Damir"]
[Black "Stojkovic, Dragan D"]
[Result "1-0"]
[WhiteElo "1984"]
[BlackElo "1905"]
[PlyCount "69"]
[EventDate "2011.07.08"]

1. d4 Nf6 2. c4 e6 3. Nc3 Bb4 4. Qc2 d5 5. cxd5 exd5 6. Bg5 c6 7. e3 Be6 8. Bd3
Nbd7 9. Nge2 Bd6 10. Bf4 Be7 11. O-O h6 12. Bf5 Nf8 13. Be5 Qd7 14. Ng3 g6 15.
Bxe6 Nxe6 16. Rad1 Rg8 17. e4 Ng4 18. exd5 cxd5 19. h3 Nf6 20. f4 Ng7 21. Qb3
Rd8 22. Rfe1 Kf8 23. Rc1 Nfh5 24. Nxh5 gxh5 25. Bc7 Re8 26. Nxd5 Ne6 27. Be5
Rd8 28. Nf6 Bxf6 29. Bxf6 Rg6 30. Bxd8 Nxd8 31. Qe3 h4 32. Rf1 Rg3 33. Qe5 Rg7
34. Rc7 Qxh3 35. Qxg7+ 1-0

[Event "Int. Championship of Central Serbia - OP"]
[Site "Paracin"]
[Date "2011.07.15"]
[Round "9.11"]
[White "Stojanovic, Vladimir M"]
[Black "Jovic, Branko"]
[Result "1/2-1/2"]
[WhiteElo "1938"]
[BlackElo "1981"]
[PlyCount "152"]
[EventDate "2011.07.08"]

1. d4 Nf6 2. c4 e6 3. Nf3 b6 4. a3 Bb7 5. Nc3 Be7 6. d5 exd5 7. cxd5 O-O 8. e3
d6 9. Be2 Nbd7 10. h3 Nc5 11. b4 Nce4 12. Nxe4 Nxe4 13. Bb2 Bf6 14. Bxf6 Qxf6
15. Rc1 Nc3 16. Qd4 Nxd5 17. Qxf6 gxf6 18. Nd4 c5 19. Nf5 Rad8 20. Bf3 Rfe8 21.
O-O Ne7 22. Nxd6 Rxd6 23. Bxb7 cxb4 24. axb4 Nd5 25. Bxd5 Rxd5 26. Rc4 Red8 27.
Rfc1 Rd1+ 28. Rxd1 Rxd1+ 29. Kh2 Rd7 30. Kg3 a5 31. bxa5 bxa5 32. Rc8+ Kg7 33.
Ra8 Rd5 34. f3 Rg5+ 35. Kf2 Rb5 36. g4 Rb2+ 37. Kg3 Ra2 38. h4 Ra1 39. h5 h6
40. Kf4 a4 41. e4 a3 42. Kf5 Ra2 43. f4 Ra1 44. Ra7 Ra2 45. Ra6 Rb2 46. Rxa3
Rb5+ 47. e5 fxe5 48. fxe5 Rb1 49. Ra4 Rf1+ 50. Rf4 Re1 51. Rf2 Re3 52. Rg2 Rf3+
53. Ke4 Rh3 54. Kd5 Rh1 55. Rf2 Rg1 56. Rf4 Rd1+ 57. Kc5 Rd2 58. Rd4 Ra2 59.
Kd6 Ra6+ 60. Kd5 Ra5+ 61. Ke4 Ra1 62. Kf5 Rf1+ 63. Rf4 Re1 64. Rf2 Re3 65. Kf4
Re1 66. Rg2 Rf1+ 67. Ke3 Re1+ 68. Re2 Rg1 69. Kf3 Rf1+ 70. Kg2 Ra1 71. e6 fxe6
72. Rxe6 Ra3 73. Rg6+ Kh7 74. Rf6 Kg7 75. Rf3 Rxf3 76. Kxf3 Kf6 1/2-1/2

[Event "Int. Championship of Central Serbia - OP"]
[Site "Paracin"]
[Date "2011.07.15"]
[Round "9.14"]
[White "Brinovec, David"]
[Black "Cvetkovski, Slobodan"]
[Result "0-1"]
[WhiteElo "1795"]
[BlackElo "1957"]
[PlyCount "60"]
[EventDate "2011.07.08"]

1. e4 e6 2. d4 d5 3. exd5 exd5 4. c4 Nc6 5. Be3 Bb4+ 6. Nc3 Nge7 7. Bd3 Bf5 8.
Nge2 Qd7 9. O-O Bxd3 10. Qxd3 dxc4 11. Qxc4 Bxc3 12. Nxc3 O-O 13. Rfd1 Nf5 14.
Rac1 Nxe3 15. fxe3 Rac8 16. e4 a6 17. Ne2 Ne7 18. Nf4 c6 19. Rc3 Qg4 20. Rf1
Rcd8 21. Rg3 Qd7 22. Rd1 g6 23. Nh5 Qe6 24. Qxe6 fxe6 25. b4 Kh8 26. Rg5 gxh5
27. Rxh5 Ng6 28. g3 Rf3 29. Kg2 Re3 30. e5 Rxe5 0-1

[Event "Int. Championship of Central Serbia - OP"]
[Site "Paracin"]
[Date "2011.07.15"]
[Round "9.15"]
[White "Gagic, Miroljub"]
[Black "Znidaric, Anze"]
[Result "1-0"]
[WhiteElo "1872"]
[BlackElo "1706"]
[PlyCount "93"]
[EventDate "2011.07.08"]

1. d4 d5 2. Nc3 Nf6 3. Bg5 Bf5 4. f3 Nc6 5. Bxf6 exf6 6. e4 dxe4 7. fxe4 Bd7 8.
Nf3 Bb4 9. Qd3 Bg4 10. d5 Bxc3+ 11. Qxc3 Bxf3 12. gxf3 Ne5 13. O-O-O Qd6 14.
Bb5+ Nd7 15. Bxd7+ Qxd7 16. Rhg1 Rg8 17. e5 fxe5 18. Qxe5+ Qe7 19. Qd4 O-O-O
20. Qxa7 Qb4 21. Rg4 Qb5 22. c4 Qa6 23. Qxa6 bxa6 24. Re4 Rge8 25. Rde1 Rxe4
26. Rxe4 Rd6 27. Rf4 Rh6 28. h4 f6 29. Rg4 g6 30. Kc2 Rh5 31. b4 g5 32. hxg5
fxg5 33. f4 gxf4 34. Rxf4 Rh1 35. Kc3 h5 36. Kd4 h4 37. Kc5 h3 38. Kc6 Kd8 39.
c5 h2 40. Rh4 Rb1 41. Rxh2 Rxb4 42. Rh8+ Ke7 43. Kxc7 Rb5 44. d6+ Ke6 45. Rh6+
Kd5 46. Rh5+ Ke6 47. d7 1-0

[Event "Int. Championship of Central Serbia - OP"]
[Site "Paracin"]
[Date "2011.07.15"]
[Round "9.17"]
[White "Bratkovic, Sham"]
[Black "Milosavljevic, Delimir"]
[Result "1-0"]
[WhiteElo "1792"]
[BlackElo "1826"]
[PlyCount "67"]
[EventDate "2011.07.08"]

1. e4 e5 2. Nf3 Nc6 3. Bc4 Nf6 4. d3 Be7 5. O-O O-O 6. Re1 d6 7. c3 h6 8. Nbd2
Be6 9. Bb3 Nd7 10. Nf1 Nc5 11. Bc2 Bg4 12. Ng3 d5 13. h3 Bxf3 14. Qxf3 dxe4 15.
dxe4 Bg5 16. Nf5 Bxc1 17. Raxc1 Qg5 18. Rcd1 Rad8 19. Rd5 Ne6 20. Ba4 Nf4 21.
Bxc6 Nxd5 22. Bxd5 c6 23. Bb3 Rd7 24. Rd1 Rfd8 25. Rxd7 Rxd7 26. g3 Kh8 27. h4
Qf6 28. Qe3 b6 29. g4 Qd8 30. Qg3 f6 31. g5 Rd3 32. Qh2 h5 33. f4 Qf8 34. Qe2
1-0

[Event "Int. Championship of Central Serbia - OP"]
[Site "Paracin"]
[Date "2011.07.15"]
[Round "9.18"]
[White "Zivanovic, Miroslav"]
[Black "Vaskovic, Dragan"]
[Result "0-1"]
[WhiteElo "2064"]
[BlackElo "1812"]
[PlyCount "116"]
[EventDate "2011.07.08"]

1. e4 e5 2. Bc4 Nc6 3. Nf3 Bc5 4. b4 Bxb4 5. c3 Ba5 6. d4 Qe7 7. Ba3 Bxc3+ 8.
Kf1 Bb4 9. Qb3 Bxa3 10. Nxa3 Na5 11. Qc3 Nxc4 12. Nxc4 exd4 13. Nxd4 d6 14. Ne3
Nf6 15. Ndf5 Bxf5 16. Nxf5 Qe5 17. Nxg7+ Kd7 18. Qxe5 dxe5 19. f3 c5 20. Ke2
Rhg8 21. Rhd1+ Kc7 22. Nf5 Rxg2+ 23. Ke3 Rd8 24. Rxd8 Kxd8 25. Rc1 b6 26. Rd1+
Kc7 27. a4 Nh5 28. Nd6 Nf4 29. Ne8+ Kb7 30. Rd2 Rxd2 31. Kxd2 Kc6 32. Nf6 h5
33. Kc3 a6 34. Kc4 b5+ 35. axb5+ axb5+ 36. Kc3 h4 37. Ng4 Kd6 38. Ne3 h3 39.
Nf5+ Ke6 40. Ng7+ Kd7 41. Nf5 f6 42. Ne3 Ne2+ 43. Kd3 Nd4 44. Ng4 Ke6 45. f4
exf4 46. Nf2 Ke5 47. Ng4+ Ke6 48. Nf2 Nf3 49. Nxh3 Nxh2 50. Nxf4+ Ke5 51. Ng6+
Kd6 52. Nh4 Ng4 53. Nf5+ Ke5 54. Ng3 c4+ 55. Kc3 Nf2 56. Ne2 Nxe4+ 57. Kb4 Nd6
58. Kc5 f5 0-1

[Event "Int. Championship of Central Serbia - OP"]
[Site "Paracin"]
[Date "2011.07.15"]
[Round "9.20"]
[White "Franca, Veronika"]
[Black "Radovanovic, Miroljub B"]
[Result "1-0"]
[WhiteElo "1802"]
[BlackElo "2018"]
[PlyCount "75"]
[EventDate "2011.07.08"]

1. d4 Nf6 2. c4 g6 3. Nc3 Bg7 4. e4 d6 5. Nf3 Nbd7 6. Be2 O-O 7. O-O c5 8. d5
a6 9. Rb1 Ng4 10. Ne1 Ngf6 11. f4 Rb8 12. a4 h5 13. h3 Qc7 14. Nf3 e6 15. Re1
exd5 16. cxd5 Re8 17. Bf1 Nh7 18. Bc4 Qb6 19. Qc2 Qb4 20. Na2 Qa5 21. Bd2 Qc7
22. a5 b5 23. axb6 Nxb6 24. Ba5 Qa7 25. Bc3 Nf6 26. Nd2 Bd7 27. b3 Re7 28. Qd3
Rbe8 29. Re2 Nxe4 30. Nxe4 Bf5 31. Rbe1 a5 32. Bxg7 Kxg7 33. Qc3+ Kh6 34. Ng3
Rxe2 35. Rxe2 Rg8 36. Nxf5+ gxf5 37. Qf6+ Kh7 38. Re7 1-0

[Event "Int. Championship of Central Serbia - OP"]
[Site "Paracin"]
[Date "2011.07.15"]
[Round "9.21"]
[White "Unuk, Laura"]
[Black "Jovanovic, Momir A"]
[Result "1-0"]
[WhiteElo "1762"]
[BlackElo "2012"]
[PlyCount "63"]
[EventDate "2011.07.08"]

1. d4 f5 2. g3 Nf6 3. Bg2 g6 4. c3 Bg7 5. Qb3 c6 6. Nh3 d5 7. Nd2 a5 8. a4 O-O
9. Nf3 Nbd7 10. Nf4 Nb6 11. Nd3 Nc4 12. Nfe5 Nd6 13. f3 Kh8 14. Bf4 Nh5 15. Bg5
Qe8 16. Qa2 h6 17. Bxe7 Nc4 18. Bxf8 Bxf8 19. b3 Ne3 20. Kf2 Nxg2 21. Kxg2 g5
22. Qd2 Kh7 23. Rhf1 Qe6 24. Qc2 b6 25. c4 Bd6 26. cxd5 cxd5 27. Qc6 Rb8 28.
Rac1 Nf6 29. Rc2 h5 30. Nf7 Qxf7 31. Qxd6 Ra8 32. Rc7 1-0

[Event "Int. Championship of Central Serbia - OP"]
[Site "Paracin"]
[Date "2011.07.15"]
[Round "9.22"]
[White "Draskovic, Davor"]
[Black "Trpkovic, Miroljub"]
[Result "1/2-1/2"]
[WhiteElo "1778"]
[BlackElo "1991"]
[PlyCount "43"]
[EventDate "2011.07.08"]

1. e4 c5 2. Nf3 Nc6 3. d4 cxd4 4. Nxd4 a6 5. Nc3 e6 6. Be3 d5 7. exd5 exd5 8.
Be2 Nf6 9. O-O Be7 10. Nb3 O-O 11. Bf3 Be6 12. Bc5 Bxc5 13. Nxc5 Qd6 14. N5e4
Nxe4 15. Bxe4 Rad8 16. Bd3 Ne5 17. Re1 Ng4 18. g3 Nf6 19. Qd2 Qb4 20. a3 Qd6
21. Ne2 Qb6 22. Qb4 1/2-1/2

[Event "Int. Championship of Central Serbia - OP"]
[Site "Paracin"]
[Date "2011.07.15"]
[Round "9.23"]
[White "Zdravkovic, Dragan S"]
[Black "Lazovic, Bozidar"]
[Result "1/2-1/2"]
[WhiteElo "1949"]
[BlackElo "1744"]
[PlyCount "85"]
[EventDate "2011.07.08"]

1. e4 d6 2. d4 Nf6 3. Nc3 g6 4. h3 Bg7 5. Nf3 O-O 6. Bd3 Nbd7 7. O-O e5 8. Bg5
Qe8 9. Qd2 exd4 10. Nxd4 Nc5 11. Rae1 Nfd7 12. Nf3 Ne5 13. Nh4 f6 14. Bh6 Bxh6
15. Qxh6 Ncxd3 16. cxd3 g5 17. Nf5 Bxf5 18. exf5 Qf7 19. d4 Nd3 20. Re3 Nxb2
21. Re6 Qg7 22. Qh5 Nd3 23. Nd5 Rf7 24. Qe2 Nf4 25. Nxf4 gxf4 26. Qf3 Qg5 27.
g4 fxg3 28. fxg3 Rg7 29. Kh2 h5 30. Re4 d5 31. Rh4 Re8 32. Rxh5 Qd2+ 33. Rf2
Qxd4 34. Rh4 Qc5 35. Re2 Rxe2+ 36. Qxe2 Qc6 37. Rd4 Qd7 38. Qh5 c6 39. Rh4 Qe7
40. Qf3 Qe5 41. Rb4 b6 42. Rb3 Qe4 43. Qc3 1/2-1/2

[Event "Int. Championship of Central Serbia - OP"]
[Site "Paracin"]
[Date "2011.07.15"]
[Round "9.24"]
[White "Gajic, Bozur"]
[Black "Stojadinovic, Tomislav"]
[Result "0-1"]
[WhiteElo "1723"]
[BlackElo "1903"]
[PlyCount "54"]
[EventDate "2011.07.08"]

1. e4 e6 2. d4 d5 3. Nd2 c5 4. exd5 Qxd5 5. Ndf3 Nf6 6. Bd3 c4 7. Ne2 cxd3 8.
cxd3 Bb4+ 9. Nc3 Nc6 10. O-O Bxc3 11. bxc3 O-O 12. a4 b6 13. h3 Bb7 14. Be3
Rad8 15. Qe2 Qh5 16. Qb2 Ne7 17. Nd2 Qg6 18. g3 Qxd3 19. Rae1 Ba6 20. Qa3 Ned5
21. Nb1 Qg6 22. a5 Bxf1 23. Kxf1 Qd3+ 24. Kg2 Nxe3+ 25. fxe3 Qc2+ 26. Kf3 bxa5
27. Qxa5 Rd5 0-1